| 000 | 01417nam0a2200337 4500 | ||
|---|---|---|---|
| 001 | RU\NLR\BIBL_A\012101293 | ||
| 005 | 20191003142501.0 | ||
| 010 |
_a978-5-358-22081-2 _92000 |
||
| 021 |
_aRU _bКН-П-19-060994 _9КН-П-19-4367 |
||
| 035 | _a(NLR Aleph) 012101293 | ||
| 035 | _a(RuMoRGB)010068913 | ||
| 090 |
_a11907205 _c11907205 |
||
| 100 | _a20190925d2019 e y0rusy50 ca | ||
| 101 | 0 | _arus | |
| 102 | _aRU | ||
| 105 | _aac||j|||000zy | ||
| 200 | 1 |
_aФизическая культура. Футбол для всех _e10-11 классы _eучебное пособие _fГ. И. Погадаев _gпод редакцией Игоря Акинфеева |
|
| 210 |
_aМосква _cДрофа _d2019 |
||
| 215 |
_a109, [1] с., [1] л. портр. _cцв. ил., табл. _d27 |
||
| 225 | 1 |
_aРоссийский учебник _eРУ |
|
| 300 | _aЗагл. корешка: Футбол для всех | ||
| 300 | _aНа обл. авт. не указан | ||
| 516 | 1 | _aФутбол для всех | |
| 606 | 1 |
_aФутбол _jУчебные издания для средней школы _91419432 _3RU\NLR\AUTH\66287490 |
|
| 686 | 1 | _aЧ515.78я72 | |
| 700 | 1 |
_7ca _8rus _aПогадаев _bГ. И. _f1949- _gГригорий Иванович _993443 _3RU\NLR\AUTH\77110518 |
|
| 942 | _cBOOK | ||
| 980 | _aNBR | ||
| 980 | _aNB | ||